[Event "2nd Easter 4NCL Congress"]
[Site "Daventry"]
[Date "2022.04.16"]
[Round "2"]
[Board "14"]
[White "Chen, Daniel Xingyu"]
[Black "Mason, Donald J"]
[Result "0-1"]
[WhiteElo "1831"]
[BlackElo "2152"]
[PlyCount "0"]
[EventDate "2022.04.15"]
[EventRounds "7"]
[EventCountry "ENG"]

1. e4 {[%clk 01:30:57]} {[%emt 00:00:03]} e5 {[%clk 01:30:55]} {[%emt
00:00:05]} 2. Nf3 {[%clk 01:31:21]} {[%emt 00:00:06]} Nc6 {[%clk 01:31:21]}
{[%emt 00:00:04]} 3. Bb5 {[%clk 01:31:44]} {[%emt 00:00:08]} a6 {[%clk
01:31:47]} {[%emt 00:00:04]} 4. Ba4 {[%clk 01:32:08]} {[%emt 00:00:05]} Nf6
{[%clk 01:32:12]} {[%emt 00:00:05]} 5. Qe2 {[%clk 01:32:29]} {[%emt 00:00:09]}
Be7 {[%clk 01:31:29]} {[%emt 00:01:13]} 6. O-O {[%clk 01:32:25]} {[%emt
00:00:35]} b5 {[%clk 01:28:42]} {[%emt 00:03:17]} 7. Bb3 {[%clk 01:32:35]}
{[%emt 00:00:19]} O-O {[%clk 01:29:06]} {[%emt 00:00:07]} 8. c3 {[%clk
01:32:44]} {[%emt 00:00:20]} d5 {[%clk 01:27:19]} {[%emt 00:02:17]} 9. d3
{[%clk 01:28:40]} {[%emt 00:04:34]} Be6 {[%clk 01:25:51]} {[%emt 00:01:58]} 10.
Bg5 {[%clk 01:21:19]} {[%emt 00:07:51]} h6 {[%clk 01:21:49]} {[%emt 00:04:32]}
11. Bh4 {[%clk 01:20:12]} {[%emt 00:01:37]} Re8 {[%clk 01:15:52]} {[%emt
00:06:29]} 12. Re1 {[%clk 01:16:17]} {[%emt 00:04:25]} g5 {[%clk 00:53:44]}
{[%emt 00:22:38]} 13. Bg3 {[%clk 01:14:54]} {[%emt 00:01:53]} Bc5 {[%clk
00:50:00]} {[%emt 00:04:14]} 14. Nbd2 {[%clk 00:46:14]} {[%emt 00:29:10]} d4
{[%clk 00:44:39]} {[%emt 00:05:50]} 15. Bxe6 {[%clk 00:43:11]} {[%emt
00:03:33]} Rxe6 {[%clk 00:44:46]} {[%emt 00:00:23]} 16. c4 {[%clk 00:42:39]}
{[%emt 00:01:02]} b4 {[%clk 00:44:06]} {[%emt 00:01:10]} 17. h3 {[%clk
00:39:52]} {[%emt 00:03:18]} Nh5 {[%clk 00:42:37]} {[%emt 00:01:59]} 18. Nh2
{[%clk 00:31:07]} {[%emt 00:09:14]} Nf4 {[%clk 00:36:17]} {[%emt 00:06:50]} 19.
Bxf4 {[%clk 00:31:18]} {[%emt 00:00:19]} gxf4 {[%clk 00:34:20]} {[%emt
00:02:26]} 20. Qh5 {[%clk 00:27:52]} {[%emt 00:03:56]} Qg5 {[%clk 00:30:09]}
{[%emt 00:04:42]} 21. Qxg5+ {[%clk 00:27:12]} {[%emt 00:01:10]} hxg5 {[%clk
00:30:37]} {[%emt 00:00:02]} 22. Ndf3 {[%clk 00:27:13]} {[%emt 00:00:29]} Be7
{[%clk 00:28:45]} {[%emt 00:02:22]} 23. Ng4 {[%clk 00:27:13]} {[%emt 00:00:30]}
Kg7 {[%clk 00:22:19]} {[%emt 00:06:56]} 24. Re2 {[%clk 00:25:16]} {[%emt
00:02:28]} a5 {[%clk 00:22:25]} {[%emt 00:00:24]} 25. Rae1 {[%clk 00:24:40]}
{[%emt 00:01:05]} Rh8 {[%clk 00:22:03]} {[%emt 00:00:52]} 26. Rb1 {[%clk
00:24:09]} {[%emt 00:01:01]} f6 {[%clk 00:21:58]} {[%emt 00:00:35]} 27. Rc1
{[%clk 00:23:08]} {[%emt 00:01:31]} Nb8 {[%clk 00:21:54]} {[%emt 00:00:34]} 28.
Kf1 {[%clk 00:19:06]} {[%emt 00:04:32]} Nd7 {[%clk 00:22:19]} {[%emt 00:00:06]}
29. Ke1 {[%clk 00:18:34]} {[%emt 00:01:02]} Nc5 {[%clk 00:22:31]} {[%emt
00:00:18]} 30. Kd2 {[%clk 00:18:11]} {[%emt 00:00:53]} b3 {[%clk 00:18:04]}
{[%emt 00:04:56]} 31. a3 {[%clk 00:14:37]} {[%emt 00:04:05]} Na4 {[%clk
00:18:32]} {[%emt 00:00:02]} 32. Kd1 {[%clk 00:10:57]} {[%emt 00:04:10]} Bxa3
{[%clk 00:12:28]} {[%emt 00:06:34]} 33. bxa3 {[%clk 00:11:17]} {[%emt
00:00:10]} b2 {[%clk 00:12:43]} {[%emt 00:00:15]} 34. Rxb2 {[%clk 00:09:24]}
{[%emt 00:02:22]} Nxb2+ {[%clk 00:13:05]} {[%emt 00:00:08]} 35. Kc2 {[%clk
00:09:26]} {[%emt 00:00:28]} Rb6 {[%clk 00:11:26]} {[%emt 00:02:08]} 36. Nd2
{[%clk 00:07:34]} {[%emt 00:02:23]} Na4 {[%clk 00:10:59]} {[%emt 00:00:58]} 37.
Rb1 {[%clk 00:05:59]} {[%emt 00:02:05]} Rxb1 {[%clk 00:10:09]} {[%emt
00:01:20]} 38. Nxb1 {[%clk 00:04:35]} {[%emt 00:01:54]} Rb8 {[%clk 00:10:18]}
{[%emt 00:00:20]} 39. Kc1 {[%clk 00:03:00]} {[%emt 00:02:06]} Rb2 {[%clk
00:09:19]} {[%emt 00:01:28]} 40. Nd2 {[%clk 00:02:51]} {[%emt 00:00:40]} Ra2
{[%clk 00:08:27]} {[%emt 00:01:20]} 41. Nb1 {[%clk 00:02:07]} {[%emt 00:01:16]}
Nc3 {[%clk 00:07:53]} {[%emt 00:01:04]}  0-1

[Event "2nd Easter 4NCL Congress"]
[Site "Daventry"]
[Date "2022.04.16"]
[Round "2"]
[Board "15"]
[White "Gordon, Sean"]
[Black "Mccumiskey, Andrew P"]
[Result "0-1"]
[WhiteElo "1887"]
[BlackElo "2109"]
[PlyCount "0"]
[EventDate "2022.04.15"]
[EventRounds "7"]
[EventCountry "ENG"]

1. e4 {[%clk 01:30:57]} {[%emt 00:00:02]} d6 {[%clk 01:30:48]} {[%emt
00:00:13]} 2. d4 {[%clk 01:31:21]} {[%emt 00:00:05]} c6 {[%clk 01:30:36]}
{[%emt 00:00:42]} 3. Nc3 {[%clk 01:28:53]} {[%emt 00:02:59]} Nf6 {[%clk
01:30:29]} {[%emt 00:00:37]} 4. f4 {[%clk 01:27:12]} {[%emt 00:02:11]} Qa5
{[%clk 01:30:41]} {[%emt 00:00:18]} 5. Bd3 {[%clk 01:24:47]} {[%emt 00:02:54]}
e5 {[%clk 01:31:00]} {[%emt 00:00:12]} 6. Nf3 {[%clk 01:23:06]} {[%emt
00:02:10]} exd4 {[%clk 01:23:49]} {[%emt 00:07:42]} 7. Nxd4 {[%clk 01:23:13]}
{[%emt 00:00:23]} Bg4 {[%clk 01:23:02]} {[%emt 00:01:16]} 8. Nf3 {[%clk
01:16:29]} {[%emt 00:07:14]} Nbd7 {[%clk 01:20:25]} {[%emt 00:03:08]} 9. O-O
{[%clk 01:14:44]} {[%emt 00:02:15]} Be7 {[%clk 01:16:56]} {[%emt 00:03:58]} 10.
h3 {[%clk 01:13:08]} {[%emt 00:02:06]} Bxf3 {[%clk 01:15:27]} {[%emt 00:01:59]}
11. Qxf3 {[%clk 01:13:07]} {[%emt 00:00:31]} O-O {[%clk 01:14:28]} {[%emt
00:01:29]} 12. g4 {[%clk 01:07:12]} {[%emt 00:06:25]} Nc5 {[%clk 01:12:36]}
{[%emt 00:02:23]} 13. g5 {[%clk 01:05:07]} {[%emt 00:02:34]} Nfd7 {[%clk
01:12:15]} {[%emt 00:00:51]} 14. h4 {[%clk 00:53:20]} {[%emt 00:12:17]} Nxd3
{[%clk 01:08:31]} {[%emt 00:04:14]} 15. cxd3 {[%clk 00:53:05]} {[%emt
00:00:46]} f6 {[%clk 01:04:37]} {[%emt 00:04:23]} 16. Qh3 {[%clk 00:50:20]}
{[%emt 00:03:15]} f5 {[%clk 01:03:32]} {[%emt 00:01:35]} 17. Kh1 {[%clk
00:46:35]} {[%emt 00:04:15]} Rad8 {[%clk 00:53:38]} {[%emt 00:10:24]} 18. Bd2
{[%clk 00:41:33]} {[%emt 00:05:32]} fxe4 {[%clk 00:51:42]} {[%emt 00:02:26]} 19.
dxe4 {[%clk 00:40:02]} {[%emt 00:02:01]} Rf7 {[%clk 00:46:30]} {[%emt
00:05:42]} 20. Rad1 {[%clk 00:35:10]} {[%emt 00:05:22]} Qb4 {[%clk 00:41:53]}
{[%emt 00:05:06]} 21. b3 {[%clk 00:32:30]} {[%emt 00:03:11]} Nc5 {[%clk
00:40:19]} {[%emt 00:02:04]} 22. Rfe1 {[%clk 00:31:38]} {[%emt 00:01:21]} Qd4
{[%clk 00:33:36]} {[%emt 00:07:14]} 23. Bc1 {[%clk 00:30:32]} {[%emt 00:01:37]}
Qb4 {[%clk 00:33:04]} {[%emt 00:01:01]} 24. h5 {[%clk 00:29:09]} {[%emt
00:01:53]} Re8 {[%clk 00:27:28]} {[%emt 00:06:06]} 25. Qe3 {[%clk 00:15:37]}
{[%emt 00:14:02]} Ne6 {[%clk 00:25:24]} {[%emt 00:02:34]} 26. Qg3 {[%clk
00:14:30]} {[%emt 00:01:37]} g6 {[%clk 00:20:23]} {[%emt 00:05:32]} 27. h6
{[%clk 00:13:41]} {[%emt 00:01:19]} Ref8 {[%clk 00:20:15]} {[%emt 00:00:37]} 28.
Bd2 {[%clk 00:06:56]} {[%emt 00:07:15]} Qc5 {[%clk 00:16:56]} {[%emt 00:03:49]}
29. Na4 {[%clk 00:03:44]} {[%emt 00:03:42]} Qc2 {[%clk 00:15:14]} {[%emt
00:02:12]} 30. f5 {[%clk 00:02:04]} {[%emt 00:02:10]} gxf5 {[%clk 00:14:09]}
{[%emt 00:01:35]} 31. g6 {[%clk 00:02:04]} {[%emt 00:00:30]} Rf6 {[%clk
00:11:38]} {[%emt 00:03:01]} 32. g7 {[%clk 00:01:33]} {[%emt 00:01:02]} R8f7
{[%clk 00:08:53]} {[%emt 00:03:14]} 33. e5 {[%clk 00:01:03]} {[%emt 00:01:00]}
Rg6 {[%clk 00:08:25]} {[%emt 00:00:58]} 34. Qc3 {[%clk 00:00:50]} {[%emt
00:00:43]} Qxc3 {[%clk 00:07:40]} {[%emt 00:01:14]} 35. Nxc3 {[%clk 00:01:16]}
{[%emt 00:00:05]} d5 {[%clk 00:07:38]} {[%emt 00:00:32]} 36. Ne2 {[%clk
00:00:39]} {[%emt 00:01:07]} Bg5 {[%clk 00:07:27]} {[%emt 00:00:41]} 37. Bxg5
{[%clk 00:00:32]} {[%emt 00:00:36]} Rxg5 {[%clk 00:07:35]} {[%emt 00:00:22]}
 0-1

[Event "2nd Easter 4NCL Congress"]
[Site "Daventry"]
[Date "2022.04.16"]
[Round "2"]
[Board "16"]
[White "Stubbs, Oliver"]
[Black "Shenbagakumar, Gautham"]
[Result "1-0"]
[WhiteElo "2101"]
[BlackElo "1842"]
[PlyCount "0"]
[EventDate "2022.04.15"]
[EventRounds "7"]
[EventCountry "ENG"]

1. d4 {[%clk 01:30:56]} {[%emt 00:00:02]} Nf6 {[%clk 01:30:53]} {[%emt
00:00:08]} 2. Nf3 {[%clk 01:31:21]} {[%emt 00:00:05]} d5 {[%clk 01:31:17]}
{[%emt 00:00:07]} 3. Bf4 {[%clk 01:31:45]} {[%emt 00:00:05]} c5 {[%clk
01:31:41]} {[%emt 00:00:07]} 4. e3 {[%clk 01:32:07]} {[%emt 00:00:07]} e6
{[%clk 01:32:07]} {[%emt 00:00:05]} 5. Nbd2 {[%clk 01:32:04]} {[%emt 00:00:33]}
Nc6 {[%clk 01:32:17]} {[%emt 00:00:20]} 6. c3 {[%clk 01:32:15]} {[%emt
00:00:18]} Bd6 {[%clk 01:31:37]} {[%emt 00:01:11]} 7. Bg3 {[%clk 01:31:49]}
{[%emt 00:00:55]} O-O {[%clk 01:31:58]} {[%emt 00:00:09]} 8. Bd3 {[%clk
01:31:55]} {[%emt 00:00:24]} b6 {[%clk 01:32:03]} {[%emt 00:00:26]} 9. Qe2
{[%clk 01:32:16]} {[%emt 00:00:08]} Bb7 {[%clk 01:32:05]} {[%emt 00:00:29]} 10.
Rd1 {[%clk 01:32:37]} {[%emt 00:00:07]} Re8 {[%clk 01:14:56]} {[%emt 00:17:40]}
11. e4 {[%clk 01:32:26]} {[%emt 00:00:41]} Be7 {[%clk 01:10:18]} {[%emt
00:05:08]} 12. e5 {[%clk 01:32:41]} {[%emt 00:00:15]} Nh5 {[%clk 01:10:40]}
{[%emt 00:00:08]} 13. h4 {[%clk 01:32:38]} {[%emt 00:00:32]} g6 {[%clk
00:47:11]} {[%emt 00:24:01]} 14. Bh2 {[%clk 01:28:49]} {[%emt 00:04:18]} Ng7
{[%clk 00:45:19]} {[%emt 00:02:23]} 15. g4 {[%clk 01:16:15]} {[%emt 00:13:04]}
h5 {[%clk 00:38:48]} {[%emt 00:07:01]} 16. gxh5 {[%clk 01:05:42]} {[%emt
00:11:02]} Nxh5 {[%clk 00:39:10]} {[%emt 00:00:08]} 17. Rg1 {[%clk 00:58:01]}
{[%emt 00:08:11]} Ng7 {[%clk 00:21:53]} {[%emt 00:17:48]} 18. Qe3 {[%clk
00:44:25]} {[%emt 00:14:06]} Nf5 {[%clk 00:16:29]} {[%emt 00:05:55]} 19. Qf4
{[%clk 00:44:05]} {[%emt 00:00:49]} Qd7 {[%clk 00:14:57]} {[%emt 00:02:03]} 20.
h5 {[%clk 00:41:43]} {[%emt 00:02:51]} Kg7 {[%clk 00:13:34]} {[%emt 00:01:53]}
21. hxg6 {[%clk 00:40:36]} {[%emt 00:01:37]} fxg6 {[%clk 00:13:56]} {[%emt
00:00:09]} 22. Qg4 {[%clk 00:39:52]} {[%emt 00:01:13]} Rh8 {[%clk 00:07:56]}
{[%emt 00:06:31]} 23. Qxg6+ {[%clk 00:39:50]} {[%emt 00:00:32]} Kf8 {[%clk
00:08:20]} {[%emt 00:00:05]} 24. Bxf5 {[%clk 00:39:35]} {[%emt 00:00:45]} exf5
{[%clk 00:08:46]} {[%emt 00:00:04]} 25. e6 {[%clk 00:36:49]} {[%emt 00:03:17]}
Qc8 {[%clk 00:08:43]} {[%emt 00:00:33]} 26. Qf7# {[%clk 00:37:09]} {[%emt
00:00:09]}  1-0

[Event "2nd Easter 4NCL Congress"]
[Site "Daventry"]
[Date "2022.04.16"]
[Round "2"]
[Board "17"]
[White "Chan, Sheng Liang Bernard"]
[Black "Nelson, Omowale A"]
[Result "0-1"]
[WhiteElo "2086"]
[BlackElo "2000"]
[PlyCount "0"]
[EventDate "2022.04.15"]
[EventRounds "7"]
[EventCountry "ENG"]

1. d4 {[%clk 01:30:57]} {[%emt 00:00:02]} d5 {[%clk 01:27:48]} {[%emt
00:03:13]} 2. c4 {[%clk 01:31:04]} {[%emt 00:00:22]} dxc4 {[%clk 01:28:08]}
{[%emt 00:00:11]} 3. Nf3 {[%clk 01:31:26]} {[%emt 00:00:08]} Nf6 {[%clk
01:28:26]} {[%emt 00:00:12]} 4. e3 {[%clk 01:31:49]} {[%emt 00:00:06]} e6
{[%clk 01:28:11]} {[%emt 00:00:46]} 5. Bxc4 {[%clk 01:32:11]} {[%emt 00:00:08]}
a6 {[%clk 01:28:34]} {[%emt 00:00:07]} 6. O-O {[%clk 01:31:48]} {[%emt
00:00:52]} b5 {[%clk 01:28:46]} {[%emt 00:00:20]} 7. Bb3 {[%clk 01:28:59]}
{[%emt 00:03:19]} Bb7 {[%clk 01:28:18]} {[%emt 00:00:57]} 8. a4 {[%clk
01:29:00]} {[%emt 00:00:29]} b4 {[%clk 01:28:26]} {[%emt 00:00:22]} 9. Nbd2
{[%clk 01:27:34]} {[%emt 00:01:56]} Nbd7 {[%clk 01:28:25]} {[%emt 00:00:31]} 10.
Re1 {[%clk 01:14:27]} {[%emt 00:13:37]} c5 {[%clk 01:28:11]} {[%emt 00:00:44]}
11. Bc4 {[%clk 01:05:07]} {[%emt 00:09:51]} Be7 {[%clk 01:27:53]} {[%emt
00:00:47]} 12. b3 {[%clk 01:05:18]} {[%emt 00:00:19]} O-O {[%clk 01:27:16]}
{[%emt 00:01:07]} 13. Bb2 {[%clk 01:05:36]} {[%emt 00:00:13]} Nb6 {[%clk
01:14:56]} {[%emt 00:12:49]} 14. Bf1 {[%clk 01:04:22]} {[%emt 00:01:43]} Rc8
{[%clk 01:09:28]} {[%emt 00:05:59]} 15. Rc1 {[%clk 01:01:33]} {[%emt 00:03:20]}
cxd4 {[%clk 01:00:42]} {[%emt 00:09:16]} 16. Bxd4 {[%clk 00:57:48]} {[%emt
00:04:15]} Nbd5 {[%clk 00:58:30]} {[%emt 00:02:41]} 17. Rxc8 {[%clk 00:57:27]}
{[%emt 00:00:52]} Qxc8 {[%clk 00:58:29]} {[%emt 00:00:30]} 18. Qa1 {[%clk
00:57:24]} {[%emt 00:00:33]} Bc5 {[%clk 00:51:24]} {[%emt 00:07:35]} 19. Be5
{[%clk 00:50:17]} {[%emt 00:07:38]} Qd8 {[%clk 00:46:09]} {[%emt 00:05:44]} 20.
Rd1 {[%clk 00:46:20]} {[%emt 00:04:27]} Ng4 {[%clk 00:32:50]} {[%emt 00:13:50]}
21. Bxg7 {[%clk 00:44:36]} {[%emt 00:02:14]} Ndxe3 {[%clk 00:33:09]} {[%emt
00:00:11]} 22. Rc1 {[%clk 00:39:07]} {[%emt 00:05:59]} Ba7 {[%clk 00:31:19]}
{[%emt 00:02:20]} 23. Bxf8 {[%clk 00:38:55]} {[%emt 00:00:43]} Qxf8 {[%clk
00:30:15]} {[%emt 00:01:33]} 24. Nd4 {[%clk 00:33:14]} {[%emt 00:06:11]} Qd6
{[%clk 00:27:16]} {[%emt 00:03:29]} 25. N2f3 {[%clk 00:31:54]} {[%emt
00:01:50]} e5 {[%clk 00:23:20]} {[%emt 00:04:27]} 26. h3 {[%clk 00:20:57]}
{[%emt 00:11:27]} exd4 {[%clk 00:20:53]} {[%emt 00:02:57]} 27. hxg4 {[%clk
00:13:48]} {[%emt 00:07:38]} Nxg4 {[%clk 00:19:52]} {[%emt 00:01:32]} 28. Be2
{[%clk 00:08:51]} {[%emt 00:05:27]} d3 {[%clk 00:18:57]} {[%emt 00:01:24]} 29.
Bd1 {[%clk 00:09:19]} {[%emt 00:00:02]} Bxf2+ {[%clk 00:18:09]} {[%emt
00:01:17]} 30. Kf1 {[%clk 00:09:28]} {[%emt 00:00:22]} Qh6 {[%clk 00:18:03]}
{[%emt 00:00:36]} 31. Nh4 {[%clk 00:08:22]} {[%emt 00:01:36]} Qxh4 {[%clk
00:16:21]} {[%emt 00:02:13]} 32. Bxg4 {[%clk 00:08:20]} {[%emt 00:00:31]} Qxg4
{[%clk 00:16:34]} {[%emt 00:00:18]} 33. Kxf2 {[%clk 00:08:29]} {[%emt
00:00:20]} Qxg2+ {[%clk 00:13:50]} {[%emt 00:03:14]} 34. Ke3 {[%clk 00:08:51]}
{[%emt 00:00:07]} Qe2+ {[%clk 00:13:48]} {[%emt 00:00:33]} 35. Kd4 {[%clk
00:07:17]} {[%emt 00:02:05]} h5 {[%clk 00:10:18]} {[%emt 00:03:59]} 36. Re1
{[%clk 00:05:51]} {[%emt 00:01:55]} Qf3 {[%clk 00:09:46]} {[%emt 00:00:57]} 37.
Rg1+ {[%clk 00:02:05]} {[%emt 00:04:22]} Kf8 {[%clk 00:08:36]} {[%emt
00:01:40]} 38. Kc5 {[%clk 00:02:26]} {[%emt 00:00:09]} Qe3+ {[%clk 00:06:11]}
{[%emt 00:02:55]} 39. Kxb4 {[%clk 00:01:54]} {[%emt 00:01:03]} d2 {[%clk
00:06:21]} {[%emt 00:00:20]} 40. Kc4 {[%clk 00:00:35]} {[%emt 00:01:48]} Bf3
{[%clk 00:05:41]} {[%emt 00:01:11]} 41. Qh8+ {[%clk 00:00:31]} {[%emt
00:00:34]} Ke7 {[%clk 00:06:09]} {[%emt 00:00:02]} 42. Qa1 {[%clk 00:00:31]}
{[%emt 00:00:30]} Qe2+ {[%clk 00:05:33]} {[%emt 00:01:05]} 43. Kc5 {[%clk
00:00:34]} {[%emt 00:00:28]} d1=Q {[%clk 00:05:48]} {[%emt 00:00:15]} 44. Rxd1
{[%clk 00:00:51]} {[%emt 00:00:13]} Qxd1 {[%clk 00:06:09]} {[%emt 00:00:09]} 45.
Qe5+ {[%clk 00:01:16]} {[%emt 00:00:04]} Kd7 {[%clk 00:05:58]} {[%emt
00:00:39]} 46. Qf5+ {[%clk 00:01:43]} {[%emt 00:00:06]} Kd8 {[%clk 00:05:53]}
{[%emt 00:00:33]} 47. Qf6+ {[%clk 00:01:59]} {[%emt 00:00:15]} Kc8 {[%clk
00:06:14]} {[%emt 00:00:09]} 48. Qxf7 {[%clk 00:01:35]} {[%emt 00:00:55]} Bg4
{[%clk 00:05:24]} {[%emt 00:01:20]} 49. Kb4 {[%clk 00:00:32]} {[%emt 00:01:34]}
Qd6+ {[%clk 00:05:23]} {[%emt 00:00:30]} 50. Ka5 {[%clk 00:00:33]} {[%emt
00:00:30]} Qc7+ {[%clk 00:05:23]} {[%emt 00:00:29]} 51. Qxc7+ {[%clk 00:01:02]}
{[%emt 00:00:01]} Kxc7 {[%clk 00:05:52]} {[%emt 00:00:01]} 52. Kxa6 {[%clk
00:01:30]} {[%emt 00:00:02]} Kb8 {[%clk 00:06:11]} {[%emt 00:00:11]}  0-1

[Event "2nd Easter 4NCL Congress"]
[Site "Daventry"]
[Date "2022.04.16"]
[Round "2"]
[Board "18"]
[White "Roberson, Peter T"]
[Black "Gregory, Keith Df"]
[Result "1-0"]
[WhiteElo "2501"]
[BlackElo "2008"]
[PlyCount "0"]
[EventDate "2022.04.15"]
[EventRounds "7"]
[EventCountry "ENG"]

1. e4 {[%clk 01:30:55]} {[%emt 00:00:03]} d6 {[%clk 01:30:56]} {[%emt
00:00:05]} 2. d4 {[%clk 01:31:15]} {[%emt 00:00:10]} Nf6 {[%clk 01:31:21]}
{[%emt 00:00:06]} 3. Nc3 {[%clk 01:31:36]} {[%emt 00:00:08]} Nbd7 {[%clk
01:31:47]} {[%emt 00:00:05]} 4. g4 {[%clk 01:31:26]} {[%emt 00:00:40]} h6
{[%clk 01:29:34]} {[%emt 00:02:42]} 5. h3 {[%clk 01:31:17]} {[%emt 00:00:39]}
e5 {[%clk 01:29:37]} {[%emt 00:00:27]} 6. Nge2 {[%clk 01:30:42]} {[%emt
00:01:06]} c6 {[%clk 01:29:30]} {[%emt 00:00:37]} 7. Be3 {[%clk 01:30:03]}
{[%emt 00:01:08]} Be7 {[%clk 01:27:21]} {[%emt 00:02:39]} 8. Ng3 {[%clk
01:29:41]} {[%emt 00:00:52]} Nf8 {[%clk 01:25:24]} {[%emt 00:02:27]} 9. Qd2
{[%clk 01:26:03]} {[%emt 00:04:07]} g5 {[%clk 01:20:44]} {[%emt 00:05:11]} 10.
Nf5 {[%clk 01:19:44]} {[%emt 00:06:49]} Ng6 {[%clk 01:15:38]} {[%emt 00:05:37]}
11. Ng7+ {[%clk 01:14:09]} {[%emt 00:06:05]} Kf8 {[%clk 01:14:44]} {[%emt
00:01:24]} 12. Nf5 {[%clk 01:14:30]} {[%emt 00:00:07]} Bxf5 {[%clk 01:13:26]}
{[%emt 00:01:49]} 13. gxf5 {[%clk 01:13:10]} {[%emt 00:01:51]} Nh4 {[%clk
01:11:42]} {[%emt 00:02:13]} 14. Qe2 {[%clk 01:08:27]} {[%emt 00:05:13]} Qa5
{[%clk 01:03:40]} {[%emt 00:08:33]} 15. O-O-O {[%clk 01:07:54]} {[%emt
00:01:02]} Rd8 {[%clk 01:02:27]} {[%emt 00:01:44]} 16. Rg1 {[%clk 01:02:17]}
{[%emt 00:06:07]} Nd7 {[%clk 00:54:08]} {[%emt 00:08:49]} 17. Kb1 {[%clk
00:54:04]} {[%emt 00:08:42]} Bf6 {[%clk 00:51:13]} {[%emt 00:03:26]} 18. Rg3
{[%clk 00:45:09]} {[%emt 00:09:25]} Ke7 {[%clk 00:46:43]} {[%emt 00:05:00]} 19.
Qe1 {[%clk 00:41:39]} {[%emt 00:03:59]} Qc7 {[%clk 00:43:37]} {[%emt 00:03:37]}
20. Bc4 {[%clk 00:35:21]} {[%emt 00:06:48]} exd4 {[%clk 00:32:17]} {[%emt
00:11:50]} 21. Bxd4 {[%clk 00:35:34]} {[%emt 00:00:17]} Be5 {[%clk 00:32:16]}
{[%emt 00:00:30]} 22. Qe2 {[%clk 00:24:01]} {[%emt 00:12:04]} Nf6 {[%clk
00:31:21]} {[%emt 00:01:24]} 23. Bb3 {[%clk 00:20:42]} {[%emt 00:03:50]} b5
{[%clk 00:25:54]} {[%emt 00:05:57]} 24. Qe3 {[%clk 00:18:23]} {[%emt 00:02:49]}
Bf4 {[%clk 00:22:37]} {[%emt 00:03:46]} 25. Qd3 {[%clk 00:14:40]} {[%emt
00:04:14]} Be5 {[%clk 00:21:43]} {[%emt 00:01:25]} 26. a3 {[%clk 00:11:29]}
{[%emt 00:03:40]} Rhe8 {[%clk 00:14:04]} {[%emt 00:08:09]} 27. Qe3 {[%clk
00:07:15]} {[%emt 00:04:44]} Bxd4 {[%clk 00:12:06]} {[%emt 00:02:29]} 28. Qxd4
{[%clk 00:07:21]} {[%emt 00:00:23]} Qb6 {[%clk 00:10:32]} {[%emt 00:02:04]} 29.
Ne2 {[%clk 00:05:13]} {[%emt 00:02:37]} c5 {[%clk 00:05:03]} {[%emt 00:06:00]}
30. Qc3 {[%clk 00:03:59]} {[%emt 00:01:45]} c4 {[%clk 00:04:49]} {[%emt
00:00:44]} 31. Ba2 {[%clk 00:02:14]} {[%emt 00:02:15]} Qxf2 {[%clk 00:02:17]}
{[%emt 00:03:01]} 32. Nd4 {[%clk 00:01:29]} {[%emt 00:01:16]} Nxe4 {[%clk
00:01:54]} {[%emt 00:00:53]} 33. Re3 {[%clk 00:01:46]} {[%emt 00:00:12]} Kf8
{[%clk 00:01:24]} {[%emt 00:01:00]} 34. Rxe4 {[%clk 00:01:29]} {[%emt
00:00:48]} Rxe4 {[%clk 00:01:53]} {[%emt 00:00:01]} 35. Nc6 {[%clk 00:01:40]}
{[%emt 00:00:19]} Kg8 {[%clk 00:01:24]} {[%emt 00:00:58]} 36. Nxd8 {[%clk
00:02:05]} {[%emt 00:00:05]} Qxf5 {[%clk 00:01:42]} {[%emt 00:00:12]} 37. Nc6
{[%clk 00:01:37]} {[%emt 00:00:59]} Qc5 {[%clk 00:00:53]} {[%emt 00:01:19]} 38.
Nd4 {[%clk 00:01:53]} {[%emt 00:00:13]} Qe5 {[%clk 00:00:41]} {[%emt 00:00:41]}
39. Qd2 {[%emt 00:02:22]}  1-0